Catálogo
 En Linea

Historia social de Paraguay, 1600-1650 / (Registro nro. 40970)

Detalles MARC
000 -CABECERA
campo de control de longitud fija 00586nam a2200169 a 4500
001 - NÚMERO DE CONTROL
campo de control 000041480
005 - FECHA Y HORA DE LA ÚLTIMA TRANSACCIÓN
campo de control 20201002034928.0
008 - DATOS DE LONGITUD FIJA--INFORMACIÓN GENERAL
campo de control de longitud fija 131007s1973 sp 001 0 spa d
020 ## - NÚMERO INTERNACIONAL ESTÁNDAR DEL LIBRO
Número Internacional Estándar del Libro 8400039084
040 ## - FUENTE DE LA CATALOGACIÓN
Centro catalogador/agencia de origen DO-SdBNP
Lengua de catalogación spa
Centro/agencia transcriptor BNPHU
082 ## - NÚMERO DE LA CLASIFICACIÓN DECIMAL DEWEY
Número de clasificación xxx
Número de documento/Ítem xxx
100 1# - ENTRADA PRINCIPAL--NOMBRE DE PERSONA
Nombre de persona Mora Merida, José Luis
9 (RLIN) 68168
245 10 - MENCIÓN DE TÍTULO
Título Historia social de Paraguay, 1600-1650 /
Mención de responsabilidad, etc. José Luis Mora Merida; prólogo, D. Luis Navarro García.
260 ## - PUBLICACIÓN, DISTRIBUCIÓN, ETC.
Lugar de publicación, distribución, etc. Sevilla, España :
Nombre del editor, distribuidor, etc. Consejo Superior de Investigaciones Científicas,
Fecha de publicación, distribución, etc. 1973.
300 ## - DESCRIPCIÓN FÍSICA
Extensión 366 p. ;
Dimensiones 25 cm.
700 1# - PUNTO DE ACCESO ADICIONAL--NOMBRE DE PERSONA
Nombre de persona Navarro García, D. Luis
9 (RLIN) 68169
Existencias
Estado de retiro Estado de pérdida Restricciones de uso No para préstamo Código de colección Localización permanente Ubicación/localización actual Ubicación en estantería Fecha de adquisición Número de inventario Total de préstamos Signatura topográfica completa Código de barras Fecha visto por última vez Precio válido a partir de Tipo de ítem Koha
      Excluido de préstamo Monografías: Libros y Folletos General General En catalogación 07.10.2013 LF1   xxx xxx 41480-10 25.06.2020 25.06.2020 No se presta

Con tecnología Koha